Statistics for Degrassi Characters

Click here to take the quiz!

General Stats

  • This quiz has been taken 265 times
  • The average score is 18 of 65

Answer Stats

Hint Answer % Correct
Jordan TodoseyAdam Torres
73%
Aislinn PaulClare Edwards
60%
Luke BilykDrew Torres
59%
Munro ChambersEli Goldsworthy
54%
Miriam McDonaldEmma Nelson
53%
Charlotte ArnoldHolly J. Sinclair
51%
Cassie SteeleManny Santos
49%
Ryan CooleyJ.T. Yorke
47%
Shenae GrimesDarcy Edwards
47%
Shane KippelSpinner Mason
47%
Aubrey GrahamJimmy Brooks
46%
Annie ClarkFiona Coyne
46%
Melinda ShankarAlli Bhandari
44%
Landon LiboironDeclan Coyne
42%
Chloe RoseKatie Matlin
38%
Raymond AblackSav Bhandari
38%
Olivia ScrivenMaya Matlin
37%
Jake EpsteinCraig Manning
37%
Stefan BrogrenArchie Simpson
37%
Stacey FarberEllie Nash
36%
Adamo RuggieroMarco Del Rossi
36%
Nina DobrevMia Jones
33%
Jessica TylerJenna Middleton
33%
Alicia JosipovicBianca DeSousa
33%
Cristine ProsperiImogen Moreno
33%
Jahmil FrenchDave Turner
32%
Sam EarleK.C. Guthrie
31%
Samantha MunroAnya MacPherson
30%
A.J. SaudinConnor DeLaurier
29%
Ricardo HoyosZig Novak
28%
Sarah Barrable-TishauerLiberty Van Zandt
28%
Daniel ClarkSean Cameron
28%
Melissa McIntyreAshley Kerwin
27%
Daniel KellyOwen Milligan
26%
Justin KellyJake Martin
26%
Jamie JohnstonPeter Stone
25%
Lyle O'DonohoeTristan Milligan
25%
Andrea LewisHazel Aden
24%
Mike LobelJay Hogart
22%
Jajube MandielaChantay Black
22%
Lauren CollinsPaige Michalchuk
22%
Paula BrancatiJane Vaughn
21%
Shanice BantonMarisol Lewis
21%
Alex SteeleTori Santamaria
20%
Argiris KarrasRiley Stavros
20%
Dalmar AbuzeidDanny Van Zandt
17%
Shannon Kook-ChunZane Park
16%
Scott PatersonJohnny DiMarco
15%
Jordan HudymaBlue Chessex
15%
Jacob NeayemMo Mashkour
14%
Judy JiaoLeia Chang
13%
Evan WilliamsKelly Ashoona
12%
Marc DonatoDerek Haig
12%
Spencer Van WyckWesley Betenkamp
11%
Natty ZavitzBruce the Moose
10%
Mazin ElsadigDamian Hayes
8%
Christina SchmidtTerri McGreggor
8%
Ephraim EllisRick Murray
7%
James Edward CampbellFitz
6%
Deanna CasaluceAlexandra Nuñez
4%
Marc MinardiLucas Valieri
3%
Jake GoldsbieTobby Isaacs
2%
Terra VnesaTrina
1%
Kevin JubinvillePrincipal Sheppard
1%
Christopher JacotMatt Oleander
1%

Score Distribution

Percentile by Number Answered

Percent of People with Each Score

Your Score History

You have not taken this quiz